00291nam a2200109 a 450000500170000000800410001705000180005810000170007624500410009326000410013444000060017520140414131856.0100828s19uu xx 00 eng d aFILbB17 2006 aChong, Grace aBakit hindi naka-lipistik si Nanay?. aManila, Philippines :bHiyas,c2006. a